| 000 | 00669nam a2200229 i 4500 | ||
|---|---|---|---|
| 001 | bg | ||
| 100 | 1 |
_aOSTROWSKA, Elżbieta _d(1952- ) |
|
| 245 | 1 | 0 |
_aInwestowanie na rynku kapitałowym / _cElżbieta Ostrowska. |
| 260 |
_aSłupsk : _bWydaw. Wyższej Szkoły Zarządzania, _c2000. |
||
| 300 |
_a178 s. : _bil. (w tym kolor.) ; _c21 cm. |
||
| 504 | _aBibliogr. | ||
| 650 | 9 |
_aPapiery wartościowe _xinwestycje |
|
| 650 | 9 |
_aRynek kapitałowy _xzagadnienia |
|
| 015 | _aPB 17762/2000 | ||
| 020 | _a838847300X | ||
| 040 | _cBPK | ||
| 041 | 0 | _apol | |
| 080 | _a336.764/.768 | ||
| 920 | _a83-88473-00-X | ||
| 942 | _cKS | ||
| 008 | s pl f |000 0 pol | ||
| 999 |
_c51270 _d51270 |
||
| 856 |
_uhttp://koha.tu.koszalin.pl/cgi-bin/koha/opac-detail.pl?biblionumber=51270 _yKatalog online BPK |
||